| 000 | 00437pab a2200181 454500 | ||
|---|---|---|---|
| 008 | 180718b2010 xxu||||| |||| 00| 0 eng d | ||
| 100 | _aSachau, Daniel | ||
| 245 | _aThree models for short-term study abroad | ||
| 260 | _c2010 | ||
| 300 | _ap.645-670. | ||
| 362 | _aOct | ||
| 650 | _aStudy abroad | ||
| 700 | _aFee, Scott | ||
| 700 | _aBrasher, Niel | ||
| 773 | _aJournal of Management Education | ||
| 908 | _aN | ||
| 909 | _a89699 | ||
| 999 |
_c89699 _d89699 |
||